000 00613nam a2200253Ia 4500
008 160525s9999||||xx |||||||||||||| ||und||
040 _cEnglish
082 _aXV. E/Nanak
082 _bBORI-43609
100 _aSwami Suddhasatwanande
245 _aThus Speak Guru Nanak
300 _a60
300 _cE
300 _ePaperback
530 _u00043609.pdf
563 _aRef
600 _aSwami Suddhasatwanande
630 _aThus Speak Guru Nanak
650 _aCollected Works
650 _aReference
700 _aSwami Suddhasatwanande
730 _aThus Speak Guru Nanak
942 _cBOOK
999 _c1379187
_d1379184